| 000 | 00674cas a22002175a 4500 | ||
|---|---|---|---|
| 001 | L381 | ||
| 008 | 070612c xxkqr p 0 a0eng | ||
| 035 | _a(Sirsi) u99003 | ||
| 041 | 0 | _aeng | |
| 110 | 2 |
_aInstitute of Rent Officers and Rental Valuers _93500 |
|
| 240 | _aJournal of the Institute of Rent Officers and Rental Valuers | ||
| 245 | 0 | 0 | _aJournal of the Institute of Rent Officers |
| 260 |
_aChelmsford _bInstitute of Rent Officers _c[19?]- |
||
| 362 | 0 | _a24(1) April 1993-29(6) February 1999 | |
| 554 | _aFour per year | ||
| 651 | 4 |
_aEngland and Wales _y1543- |
|
| 690 | _aPROPERTY-LEASEHOLD PROPERTY | ||
| 787 | _aJIRO | ||
| 942 | _n0 | ||
| 948 | _c06/07/1995 | ||
| 999 |
_c118619 _d118619 |
||